000
00300nam a22001337a 4500
008
170823b xxu||||| |||| 00| 0 eng d
020
_a
9780534132064
041
_a
eng
080
_a
51
100
_a
38
101
_a
MAT
245
_a
PROBABILITY: THEORY AND EXAMPLES
_c
DURRETT,R
942
_2
udc
_c
BK
999
_c
24730
_d
24730